[Event "Porto San Giorgio op-B 18th"]
[Site "Porto San Giorgio"]
[Date "2006.08.29"]
[Round "9"]
[White "Cavatassi, Alessio"]
[Black "Parrini, Daniele"]
[Result "1/2-1/2"]
[WhiteElo "1853"]
[BlackElo "1933"]
[PlyCount "112"]
[EventDate "2006.08.21"]
[EventType "swiss"]
[EventRounds "9"]
[EventCountry "ITA"]
[SourceTitle "EXT 2023"]
[Source "ChessBase"]
[SourceDate "2022.10.05"]
[SourceVersion "1"]
[SourceVersionDate "2022.10.05"]
[SourceQuality "1"]

1. d4 Nf6 2. c4 g6 3. Nc3 d5 4. cxd5 Nxd5 5. e4 Nxc3 6. bxc3 Bg7 7. Bc4 c5 8. Ne2 Nc6 9. Be3 0-0 10. 0-0 Qc7 11. Bd5 e6 12. Bxc6 Qxc6 13. f3 b6 14. Rc1 Bb7 15. Qd2 f5 16. e5 Rfd8 17. Bg5 Rd7 18. Qe3 c4 19. Rb1 b5 20. Rb2 a5 21. Rfb1 Ba6 22. a4 Rb7 23. axb5 Rxb5 24. Rxb5 Bxb5 25. Be7 Ba4 26. Qc1 Bb3 27. Bd6 Qe8 28. Ra1 h6 29. Qe1 g5 30. Nc1 a4 31. Ne2 Bf8 32. Ba3 Rb8 33. Qc1 Bxa3 34. Rxa3 Kf7 35. Ra1 Qe7 36. Qb2 Ra8 37. Ra3 Ra7 38. Nc1 Kg6 39. Na2 Rd7 40. h3 Rb7 41. Kh2 h5 42. Nc1 g4 43. Ra1 Qh4 44. Qd2 gxh3 45. gxh3 Rg7 46. Nxb3 cxb3 47. Rg1+ Kf7 48. Rxg7+ Kxg7 49. d5 exd5 50. Qxd5 Qe7 51. f4 b2 52. Qg2+ Kf7 53. Qxb2 a3 54. Qb3+ Kf8 55. Qb1 Qf7 56. Qb4+ Qe7 1/2-1/2

[Event "Porto San Giorgio op 18th"]
[Site "Porto San Giorgio"]
[Date "2006.08.27"]
[Round "7"]
[White "Cavatassi, Alessio"]
[Black "Bettini, Alessandro"]
[Result "1-0"]
[WhiteElo "1853"]
[BlackElo "1739"]
[PlyCount "103"]
[EventDate "2006.08.21"]
[EventType "swiss"]
[EventRounds "9"]
[EventCountry "ITA"]
[SourceTitle "CBM 113 Extra"]
[Source "ChessBase"]
[SourceDate "2006.09.14"]
[SourceVersion "1"]
[SourceVersionDate "2006.09.14"]
[SourceQuality "1"]

1. d4 d6 2. c4 e5 3. d5 f5 4. e4 Nf6 5. Nc3 fxe4 6. Bg5 Bf5 7. Nge2 Be7 8. Ng3 Bg6 9. Bxf6 Bxf6 10. Ngxe4 0-0 11. Bd3 Nd7 12. Qc2 Be7 13. 0-0-0 b6 14. Kb1 Nc5 15. Nxc5 bxc5 16. Bxg6 hxg6 17. h4 Rf6 18. h5 g5 19. h6 Bf8 20. hxg7 Bxg7 21. Qh7+ Kf8 22. Ne4 Rf7 23. Qg6 Qd7 24. Rh7 Qf5 25. Rxg7 Qxg6 26. Rxg6 Rf4 27. Rf6+ Kg7 28. Rxf4 gxf4 29. Rh1 Kg6 30. f3 Rg8 31. Rh2 Rb8 32. Kc2 a5 33. Nc3 Rb4 34. b3 Rb8 35. Nb5 Rc8 36. a4 Kg7 37. Kd3 Kg6 38. Ke4 Rb8 39. Rh4 Rb6 40. Rg4+ Kf6 41. g3 fxg3 42. Rxg3 Rb7 43. Rg8 Ke7 44. Ra8 Kd7 45. Rxa5 Rb8 46. Ra7 Rc8 47. a5 Kd8 48. a6 Kd7 49. Rb7 Ra8 50. Rxc7+ Kd8 51. a7 Ke8 52. Rh7 1-0